Statistiques concernant Quiz sur Atatürk

Cliquez ici pour prendre le quiz!

Statistiques générales

  • Ce quiz a été pris 70 fois
  • Le résultat moyen est 5 sur 14

Statistiques - réponses

HintRéponse% Correct
Quel est son nom completMustafa Kemal Atatürk
88%
Quel est l'année où il décéda1938
60%
Quelle année est-il née1881
45%
Pour quel pays a-t-il combattuEmpire Ottoman
45%
Quel pays a-t-il combattu en Libye en 1911Italie
45%
A quelle Grande Guerre a-t-il participéPremière Guerre Mondiale
40%
Quel est le parti d'AtatürkCHP
33%
Quel accord a divisé l'Empire ottomanSèvres
33%
Où est-il néeSalonique
28%
Quand fut proclamé la République de Turquie29 octobre 1923
20%
Quel région fut incorporée en 1938 à la Turquie sous AtatürkHatay
18%
Durant celle-ci dans quelle bataille Atatürk s'est-il distinguéBataille des Dardanelles
13%
Quel traité est signé après la guerre d'indépendance victorieuseLaussane
13%
Quel est la période de la guerre d'indépendance turc qui aboutit à un nouveau traité1919-1923
10%

Distribution des résultats

Percentile par nombre de réponses

% des personnes avec chaque résultat

Votre développement - résultats

Vous n’avez pas pris ce quiz